000 01479cam a2200289 a 4500
001 000015259
003 DO-SdBNP
005 20240221120209.0
008 861110m19651968pr 001 0 spa d
040 _aDO-SdBNP
_bspa
_cBNPHU
082 _a972.95
_bS194a
110 1 _aSan Juan (Puerto Rico).
_bCabildo Municipal
_934518
245 1 0 _aActas del cabildo de San Juan Bautista de Puerto Rico /
_ctranscripción, redacción de notas marginales, índices y revisión del trabajo de imprenta por Aida Caro de Delgado.
260 _aSan Juan, Puerto Rico :
_bMunicipio,
_c1965-1968.
300 _av. ;
_c25 cm.
500 _aIncluye índices de materia, onomástico, toponómico y de cabildos..
500 _aIncluye referencias bibliográficas y notas al pie de las páginas.
505 0 _gv. 1.
_t1730 - 1750. --
_gv. 4.
_t1767-1771. --
_gv. 6.
_t1774-1777. --
_gv. 7.
_t1777-1781. --
_gv. 9.
_t1785-1789. --
_gv. 10.
_t1792-1798. --
_gv. 13.
_t1809-1810. --
_gv. 15.
_t1812-1814. --
_gv. 17.
_t1815-1817.
562 _aEl volumen 1 posee una dedicatoria al Dr. Joaquín Balaguer realizada por Eugenio Santiago, firmada en el 1971.
650 1 4 _aCabildo de San Juan Bautista
_zPuerto Rico
_xHistoria
_934521
650 1 4 _aOrdenanzas municipales
_zPuerto Rico
_934522
650 1 4 _aGobierno local
_zPuerto Rico
_y1774-1817
_934523
651 1 4 _aPuerto Rico
_xAdministración
_xHistoria
_934519
651 1 0 _aSan Juan (J. P.)
_934520
700 1 _aCaro Costas, Aida R.
_95515
942 _2ddc
_cLBS1
999 _c14826
_d14826